000 00245nam a2200109Ia 4500
008 190216s9999||||xx |||||||||||||| ||und||
100 _aM T Vasudevan Nair
245 0 _aDar S Salam
260 _bCurrent Books
650 _aKathakal
942 _cBK
999 _c25947
_d25947